The Indian stamp act (Act II of 1899) : (Record no. 54867)

MARC details
000 -LEADER
fixed length control field 01159nam a22002897a 4500
005 - DATE AND TIME OF LATEST TRANSACTION
control field 20110804123012.0
008 - FIXED-LENGTH DATA ELEMENTS--GENERAL INFORMATION
fixed length control field 110804t xxu||||| |||| 00| 0 eng d
010 ## - LCCN (DPL NO)
LC control number ENG-103223
020 ## - INTERNATIONAL STANDARD BOOK NUMBER
International Standard Book Number 9788180386138
Terms of availability 2095.00
035 ## - SYSTEM CONTROL NUMBER
System control number EN-86756
037 ## - SOURCE OF ACQUISITION
Source of stock number/acquisition DBAD / PUB
040 ## - CATALOGING SOURCE
Original cataloging agency dpl
Language of cataloging English
082 ## - DEWEY DECIMAL CLASSIFICATION NUMBER
Classification number 340
100 ## - MAIN ENTRY--PERSONAL NAME
9 (RLIN) 29868
Personal name Krishnamurthy, K.
245 ## - TITLE STATEMENT
Title The Indian stamp act (Act II of 1899) :
Statement of responsibility, etc by K. krishnamurthy
Remainder of title an exhaustive commentary on the central legislation, state acts and amendments along with extracts from relevant allied acts and including rules, schedules, and notifications /
250 ## - EDITION STATEMENT
Edition statement 11th ed
Remainder of edition statement by V.R. Manohar
260 ## - PUBLICATION, DISTRIBUTION, ETC. (IMPRINT)
Place of publication, distribution, etc Gurgaon
Name of publisher, distributor, etc LexisNexis Butterworths
Date of publication, distribution, etc 2011
270 ## - ADDRESS
Address 14th Floor, Building No. 10, Tower-B, DLF Cyber City, Phase-II
City Gurgaon
Postal code 122002
Telephone number 91-124-4774444
Fax number 91-124-4774100
300 ## - PHYSICAL DESCRIPTION
Extent cIxxxi,2193p.
Dimensions 25cm (Hb)
500 ## - GENERAL NOTE
General note Includes index
650 ## - SUBJECT ADDED ENTRY--TOPICAL TERM
9 (RLIN) 29869
650 ## - SUBJECT ADDED ENTRY--TOPICAL TERM
9 (RLIN) 31251
651 ## - SUBJECT ADDED ENTRY--GEOGRAPHIC NAME
9 (RLIN) 1549
700 ## - ADDED ENTRY--PERSONAL NAME
9 (RLIN) 29871
942 ## - ADDED ENTRY ELEMENTS (KOHA)
Source of classification or shelving scheme Dewey Decimal Classification
Item type English Books
Call number suffix KRI
Classification part 340
Holdings
Withdrawn status Lost status Source of classification or shelving scheme Damaged status Not for loan Collection code Home library Current library Date acquired Source of acquisition Cost, normal purchase price Total Checkouts Full call number Barcode Date last seen Copy number Cost, replacement price Koha item type
    Dewey Decimal Classification   Not For Loan Non-fiction D.B.Act.Division D.B.Act.Division 04/08/2011 DBAD/PUB 2095.00   340 KRI EN-86756 04/08/2011 1 2095.00 English Books

© Delhi Public Library
Hit Counter
free hit counter